黑夜之後

資料類型: Book 圖書   書目號:35332

Leader xxxxxxxxxx
001 __ PCLIS00035332
005 __ 20230322132945.0
010 0_ |a957-13-4247-5|b平裝|dNT$260
010 0_ |a978-957-13-4247-4|b平裝|dNT$260
100 __ |a20050506d2005    m  y0chiy09      e
101 1_ |achi|cjpn
102 __ |atw
105 __ |aa   z   000ay
200 1_ |a黑夜之後|e|f村上春樹著|g賴明珠譯
205 __ |a初版
210 __ |a臺北市|c時報文化|d2005[民94]
215 0_ |a230面|c|d21公分
225 1_ |a藍小說|v941
300 __ |a本館最新館藏為2016年七刷
454 _1 |12001 |aヤиУみФみヱ|zjpn
606 __ |2cst|a長篇小說
681 __ |a861.57|b8354
700 _1 |a村上|b春樹|f1949-  |4702 _1 |a|b明珠|f1947-  |4801 _0 |atw|b內湖高中|c20050506|gCCR
801 _0 |atw|b內湖高中|c20160421|gCCR
801 _2 |atw|b內湖高中|c20230322|gCCR
  
詳細館藏 1-2 筆 (共 2 筆)
索 書 號登 錄 號冊次號館別 / 館藏地流通類型狀態加入預約清單電子資源
861.57 / 8354 1014878  圖書館 / 一樓普通區 可外借30天 在館   
861.57 / 8354 1023468  圖書館 / 一樓普通區 可外借30天 在館   

| 條列資料




目錄查詢 分類查詢 個人資料 圖書薦購 新書查詢 閉館日 排行榜 更多電子資源 Hami書城 線上資料庫 登出

From : 216.73.216.116

  本日流通累計至 08:11:44 借閱 : 0 次 續借 : 0 次 歸還 : 0 次 預約 : 0 次 電子資源 : 0 次


內湖高中圖書館  PCLIS 版本  25.5.0.2